|
|
|
|
| LEADER |
01150nam a2200265 a 4500 |
| 001 |
4508268 |
| 008 |
100204s1999 nyua b 001 0 eng d |
| 010 |
|
|
|a 98040473
|
| 020 |
|
|
|a 9171512610
|
| 020 |
|
|
|a 0471299898 (pbk. : alk. paper)
|
| 040 |
|
|
|a DLC
|c DLC
|d DLC
|d DB-DhAAL
|
| 082 |
0 |
0 |
|a 658.3
|2 21
|
| 100 |
1 |
|
|a DeCenzo, David A.
|
| 245 |
1 |
0 |
|a Human resource management /
|c David A. De Cenzo, Stephen P. Robbins.
|
| 250 |
|
|
|a 6th ed.
|
| 260 |
|
|
|a New York :
|b John Wiley & Sons,
|c c1999.
|
| 300 |
|
|
|a xxi, 546 p. :
|b ill. (some col.) ;
|c 26 cm.
|
| 504 |
|
|
|a Includes bibliographical references and indexes.
|
| 541 |
1 |
|
|e 00012021
|
| 650 |
|
0 |
|a Personnel management.
|
| 700 |
1 |
|
|a Robbins, Stephen P.,
|d 1943-
|
| 852 |
4 |
|
|a Ayesha Abed Library
|j General Shelf.
|
| 999 |
|
|
|c 7339
|d 7339
|
| 952 |
|
|
|0 0
|1 0
|2 ddc
|4 0
|6 658_300000000000000_DEC
|7 0
|9 7815
|a BRACUL
|b BRACUL
|c GEN
|d 2010-02-04
|l 4
|m 5
|o 658.3 DEC
|p 3010012021
|r 2020-01-27
|s 2020-01-27
|t 1
|w 2010-02-04
|y BK
|x Price not available in Register
|
| 952 |
|
|
|0 0
|1 0
|2 ddc
|4 0
|6 658_300000000000000_DEC_1999
|7 0
|9 8810
|a BRACUL
|b BRACUL
|c GEN
|d 2010-03-25
|l 3
|m 27
|o 658.3 DEC
|p 3010011931
|r 2020-01-26
|s 2019-09-16
|t 2
|w 2010-03-25
|y BK
|